000 00291nam a22001337a 4500
003 SGT
020 _a978-93-83290-41-3
100 _aKABRA, RUCHIKA
245 _aPHARMACEUTICAL CHEMISTRY
250 _a1st
260 _aS VIKASH,PUB.
_bPUNJAB
_c2018
650 _aCHEMISTRY
942 _2ddc
_cBK
999 _c24710
_d24710